| 000 | 01489cam a22002655a 4500 | ||
|---|---|---|---|
| 001 | 17649814 | ||
| 005 | 20151215124617.0 | ||
| 008 | 130306t2014 enka frb 001 0 eng d | ||
| 020 | _a9780415497060 (pbk.) | ||
| 040 |
_aDLC _beng _cDLC _dDLC _dEG-ScBUE |
||
| 043 | _aa-cc--- | ||
| 082 | 0 | 4 |
_a330.951 _222 _bCHI |
| 245 | 0 | 0 |
_aChina constructing capitalism : _beconomic life and urban change / _cMichael Keith ... [et al.] |
| 260 |
_aOxon ; _aNew York : _bRoutledge / Taylor & Francis Group, _cc.2014. |
||
| 300 |
_axiv, 330 p. : _bill. ; _c24 cm. |
||
| 490 | 0 | _aInternational library of sociology | |
| 500 | _aIndex : p. 325-330. | ||
| 504 | _aBibliography : p. 296-324. | ||
| 505 | 0 | _aIntroduction -- Chinese thought, cultural theory -- Connections, networks, culture : the institutions of Chinese capitalism -- Relational property and urban temporality : China's urbanisms in the city of experts -- Local state capitalism? : from urban hierarchy to city markets -- Chinese firms and political ties -- Property development : markets and districts -- Trading room ethnography : stuck in China -- Knowing but not doing : the financial sector in China and institutional reform -- Risk cultures : urban biographies -- Shenzhen dwelling : arrival and migrant urbanisms -- Bibliography. | |
| 650 | 0 |
_aUrban policy _zChina. _2BUEsh |
|
| 651 | 0 |
_aChina _xEconomic policy _y21st century. _2BUEsh |
|
| 653 |
_bBUSBOL _cJune2015 _cDecember2015 |
||
| 700 | 1 |
_aKeith, Michael, _d1960- |
|
| 942 | _2ddc | ||
| 999 |
_c20051 _d20023 |
||